000
00226nam a22000857a 4500
008
170130b xxu||||| |||| 00| 0 eng d
100
_9
2644
_a
Aggarwal.R.S
245
_a
COm Mathematics-K.G and UKG
260
_a
New delhi
_b
S.Chand
_c
2011
999
_c
5789
_d
5789